000 007800000a22002410004500
001 14671
010 _a972-22-1878-6
100 _a20041102d1998 de|y0pory5003 ba
101 0 _apor
102 _aPT
200 1 _aGuardei as lágrimas no bolso
_ftexto de Ana Meireles
_gil. de Cristina Malaquias
210 _aLisboa
_cVerbo
_d1998
215 _a103, [9] p.
_cil
225 2 _aGrande prémio
_v15
300 _aRecomendado a partir dos 12 anos.
675 _a087.5
_vBN
_zpor
675 _a821.134.3-31
_vBN
_zpor
675 _a821.134.3-93
_vBN
_zpor
700 1 _931178
_aMeireles
_bAna
702 1 _929404
_4440
_aMalaquias
_bCristina
_f1955-
090 _a14671
942 _cMON
_n0
999 _a14671